Fútbol, mass media y nación en la era global /

El fútbol de América Latina se ha convertido en un poderoso instrumento funcional para estimular la integración simbólica de las comunidades imaginadas nacionales. Hombres y mujeres, con independencia de si les gusta o no el fútbol, son llamados a participar de manera activa y apasionada en los espe...

Fuld beskrivelse

Guardado en:
Bibliografiske detaljer
Hovedforfatter: Villena Fiengo, Sergio
Format: Texto
Fag:
Tags: Tilføj Tag
Ingen Tags, Vær først til at tagge denne postø!

MARC

LEADER 00000 a a2200000 04500
001 13192
003
040
100 |a Villena Fiengo, Sergio  
245 |a Fútbol, mass media y nación en la era global /  |c Sergio Villena Fiengo 
520 |a El fútbol de América Latina se ha convertido en un poderoso instrumento funcional para estimular la integración simbólica de las comunidades imaginadas nacionales. Hombres y mujeres, con independencia de si les gusta o no el fútbol, son llamados a participar de manera activa y apasionada en los espectáculos deportivos de la selección como emotivo deber cívico, de lealtad a la nación, estimulados por los medios de comunicación. Este ensayo presenta algunas hipótesis sobre el papel de los medios de comunicación en la vinculación entre nacionalismo y fútbol de selecciones, así como sobre el futuro de esa articulación, en un contexto de transformación de la industria mediática y la comercialización del espectáculo  
650 |a FUTBOL  
650 |a NACIONALISMO  
650 |a MEDIOS DE COMUNICACION DE MASAS  
650 |a AMERICA LATINA  
650 |a AUDIENCIA  
773 |g número 14 Primavera; páginas 40-54  
999 |c 21205  |d 21205